000 00462nam a2200181Ia 4500
008 151202s9999||||xx |||||||||||||| ||und||
082 _bPNVM-13000
100 _aगोखले अरविंद.
245 _aकथाई.
260 _b---
260 _c0
300 _a0
600 _aगोखले अरविंद.
630 _aकथाई.
700 _aगोखले अरविंद.
730 _aकथाई.
942 _cBOOK
999 _c1278987
_d1278984